000 004350000a22001690004500
003 MACL
005 20150705140650.0
008 150705b xxu||||| |||| 00| 0 eng d
040 _aMACL
_cMACL
041 _aEnglish
100 _aMenon, A.Sreedhara
_9839
245 _aCultural Heritage Of Kerala An Introduction
260 _bEast West Publications
_c1978
_aKerala
350 _a25
650 _aSociology
_919
942 _cBK
_k306
_2ddc
999 _c6838
_d6838